000 00460cam a2200145 4500500
005 20251012032455.0
041 _afre
042 _adc
100 1 0 _aBouit, Delphine
_eauthor
245 0 0 _aSartre et les femmes : secret et transparence dans l’amour
260 _c2000.
500 _a38
786 0 _nSigila | 6 | 2 | 2000-12-20 | p. 179-190 | 1286-1715
856 4 1 _uhttps://shs.cairn.info/revue-sigila-2000-2-page-179?lang=fr&redirect-ssocas=7080
999 _c1547371
_d1547371